000 00948cam a22003137a 4500
003 CHAP
005 20220329142616.0
008 020417d2001 us a r 00110 eng d
010 _a85615
011 _a86587
020 _a0120874701
035 _a97126
040 _cCHAP
082 0 4 _a540
_bC6 2001
100 0 0 _aCorwin, Charles H.
_928424
245 1 0 _aIntroductory chemistry:
_bconcepts & connections
_c/by Charles H. Cowin
250 _a3 ed.
260 _aNew Jersey, N.Y.:
_bPrentice Hall,
_c2001.
300 _a659 p. :
_bilus.
590 _aBATCH-UPD
_b10
_c20130110
_lUCH01
_h0347
590 _aBATCH-UPD
_b10
_c20130410
_lUCH01
_h0020
590 _aBATCH-UPD
_b10
_c20130914
_lUCH01
_h1052
590 _aCONVERSION
_b10
_c20130109
_lUCH01
_h1348
650 1 4 _aQuĂ­mica.
_993552
901 _aBK
905 _aMayto Villalobos S.
942 _cLIBRO
949 _a540 C6 2001
_bBC
_cLIBRO
_d33724000865721
_eLIBRO
_h102358
_i97126
_si
_t$732.00
999 _c85615
_d85615